000 00291nam a22001337a 4500
008 171102b xxu||||| |||| 00| 0 eng d
020 _a9780787942694
041 _aeng
080 _a530.14
100 _a59
101 _aGLO
245 _aCAPITAL CAMPAIGNS
_cKIHLSTEDT,A
942 _2udc
_cBK
999 _c37188
_d37188